000 00544cam a2200205 4500
008 090401t1986 xxu||||| |||| 00| 0 eng d
020 _a0070849277
035 _a(Sirsi) u32814
041 _aeng
050 _a658.3
100 _aHunt, John W
245 _aManaging people at work: a manager`s guide to behaviour in organizations
250 _a2nd ed.
260 _aLondon
_bMcGraw-Hill Book Company
_c1986
300 _aviii, 286p. ; 23cm.
350 _a10.5
650 _aPERSONNEL MANAGEMENT
942 _n0
948 _c04/03/1997
999 _c89763
_d89763